[Event "Krasnodar Kuban Spring"]
[Site "Krasnodar"]
[Date "2002.04.??"]
[Round "?"]
[White "Nadyrhanov, Sergey"]
[Black "Skorchenko, Dmitry"]
[Result "1/2-1/2"]
[WhiteElo "2477"]
[BlackElo "2431"]
[PlyCount "44"]
[EventDate "2002.04.06"]
[EventType "tourn"]
[EventRounds "11"]
[EventCountry "RUS"]
[EventCategory "9"]
[SourceTitle "EXT 2003"]
[Source "ChessBase"]
[SourceDate "2002.11.25"]
[SourceVersion "1"]
[SourceVersionDate "2002.11.25"]
[SourceQuality "1"]

1. e4 e6 2. d4 d5 3. Nd2 a6 4. Ngf3 c5 5. c3 Nc6 6. Bd3 cxd4 7. cxd4 dxe4 8. Nxe4 Be7 9. 0-0 Nf6 10. a3 0-0 11. Be3 Nd5 12. Rc1 e5 13. Nxe5 Nxe3 14. fxe3 Nxd4 15. Nxf7 Rxf7 16. Rxf7 Kxf7 17. exd4 Qxd4+ 18. Nf2 Qe5 19. Bc4+ Kf8 20. Rc3 Bf6 21. Rf3 Be6 22. Bxe6 Qxe6 1/2-1/2

[Event "Antalya op"]
[Site "Antalya"]
[Date "2002.03.01"]
[Round "8"]
[White "Djuric, Stefan"]
[Black "Nadyrhanov, Sergey"]
[Result "1/2-1/2"]
[WhiteElo "2487"]
[BlackElo "2487"]
[PlyCount "191"]
[EventDate "2002.02.22"]
[EventType "swiss"]
[EventRounds "9"]
[EventCountry "TUR"]
[SourceTitle "CBM 086 Extra"]
[Source "ChessBase"]
[SourceDate "2002.03.14"]
[SourceVersion "1"]
[SourceVersionDate "2002.03.14"]
[SourceQuality "1"]

1. e4 c5 2. Nf3 Nc6 3. Nc3 g6 4. d4 cxd4 5. Nxd4 Bg7 6. Nde2 Nf6 7. g3 d6 8. Bg2 0-0 9. 0-0 Rb8 10. a4 a6 11. Nd5 e6 12. Nxf6+ Bxf6 13. c3 b5 14. axb5 axb5 15. Bh6 Re8 16. Nd4 Nxd4 17. cxd4 b4 18. b3 Bb7 19. Qd2 Qb6 20. Be3 d5 21. e5 Be7 22. h4 Ra8 23. Rxa8 Rxa8 24. Bf3 Ra3 25. Rb1 Qa5 26. Qd1 Ba6 27. Kg2 Qb5 28. Rc1 Qd3 29. Rc8+ Kg7 30. Re8 Qxd1 31. Bxd1 Bf8 32. Bg5 Bb7 33. Bf6+ Kg8 34. Rb8 Bc6 35. Rc8 Bd7 36. Rc7 Bb5 37. Rb7 Bc6 38. Rb6 Bd7 39. Rb8 Bc6 40. Be2 Ra8 41. Rb6 Bd7 42. g4 Rc8 43. Ba6 Ra8 44. Kg3 Be8 45. f3 Bd7 46. h5 Be8 47. Kh4 Bd7 48. f4 Be8 49. Kg5 Bd7 50. h6 Be8 51. f5 gxf5 52. gxf5 exf5 53. Bd3 Bd7 54. Rb7 Be6 55. Be7 Bxe7+ 56. Rxe7 Rb8 57. Bxf5 Kf8 58. Kf6 Bxf5 59. Rxf7+ Kg8 60. Rg7+ Kh8 61. Kxf5 Rf8+ 62. Ke6 Rf6+ 63. Kxd5 Rd6+ 64. Kc5 Rd5+ 65. Kc6 Rd6+ 66. Kc7 Rc6+ 67. Kb8 Rc8+ 68. Kb7 Rb8+ 69. Kc6 Rb6+ 70. Kc5 Rc6+ 71. Kxb4 Rb6+ 72. Kc4 Rc6+ 73. Kd3 Rc3+ 74. Ke2 Re3+ 75. Kd1 Rd3+ 76. Ke1 Re3+ 77. Kf2 Rf3+ 78. Kg2 Rf2+ 79. Kh3 Rh2+ 80. Kg4 Rh4+ 81. Kf5 Rf4+ 82. Ke6 Rf6+ 83. Kd7 Rd6+ 84. Kc8 Rd8+ 85. Kc7 Rc8+ 86. Kb6 Rc6+ 87. Kb7 Rb6+ 88. Kc8 Rb8+ 89. Kd7 Rd8+ 90. Ke7 Re8+ 91. Kd7 Rd8+ 92. Kc7 Rc8+ 93. Kb6 Rc6+ 94. Kb7 Rb6+ 95. Kc8 Rb8+ 96. Kd7 1/2-1/2

[Event "Antalya op"]
[Site "Antalya"]
[Date "2002.02.22"]
[Round "1"]
[White "Nadyrhanov, Sergey"]
[Black "Reyhan, Dogan Heval"]
[Result "1-0"]
[WhiteElo "2487"]
[BlackElo "2066"]
[PlyCount "57"]
[EventDate "2002.02.22"]
[EventType "swiss"]
[EventRounds "9"]
[EventCountry "TUR"]
[SourceTitle "CBM 086 Extra"]
[Source "ChessBase"]
[SourceDate "2002.03.14"]
[SourceVersion "1"]
[SourceVersionDate "2002.03.14"]
[SourceQuality "1"]

1. e4 c5 2. Nf3 d6 3. c3 Nf6 4. Be2 Nbd7 5. d3 e6 6. Nbd2 b6 7. d4 Qc7 8. 0-0 Bb7 9. Bd3 Be7 10. Re1 0-0 11. Nf1 d5 12. e5 Ne4 13. Ng3 Nxg3 14. hxg3 a5 15. Bg5 Nb8 16. Rc1 Qd8 17. Qd2 Ba6 18. Bb1 Bxg5 19. Nxg5 h6 20. Nh7 Re8 21. Nf6+ gxf6 22. Qxh6 f5 23. g4 Nd7 24. Re3 Nf8 25. gxf5 exf5 26. Bxf5 Re6 27. Bxe6 fxe6 28. Rg3+ Kf7 29. Rg7+ 1-0

[Event "Krasnodar"]
[Site "Krasnodar"]
[Date "2001.??.??"]
[Round "?"]
[White "Nadyrhanov, Sergey"]
[Black "Bagirov, Rufat"]
[Result "1/2-1/2"]
[WhiteElo "2525"]
[BlackElo "2465"]
[PlyCount "53"]
[EventDate "2001.??.??"]
[EventType "tourn"]
[EventRounds "11"]
[EventCountry "RUS"]
[EventCategory "9"]
[SourceTitle "EXT 2003"]
[Source "ChessBase"]
[SourceDate "2002.11.25"]
[SourceVersion "1"]
[SourceVersionDate "2002.11.25"]
[SourceQuality "1"]

1. e4 e6 2. d4 d5 3. Nd2 Nf6 4. e5 Nfd7 5. Bd3 c5 6. c3 Nc6 7. Ne2 cxd4 8. cxd4 f6 9. Nf4 Nxd4 10. Qh5+ Ke7 11. exf6+ Nxf6 12. Ng6+ hxg6 13. Qxh8 Kf7 14. Qh4 e5 15. Nf3 Nxf3+ 16. gxf3 Bf5 17. Bxf5 gxf5 18. Bg5 Qa5+ 19. Kf1 g6 20. Bxf6 Qa6+ 21. Kg2 Qxf6 22. Qa4 Qc6 23. Qb3 Bc5 24. Rac1 b6 25. Rhd1 Rd8 26. Rc2 Kf6 27. Qd3 1/2-1/2

[Event "Krasnodar"]
[Site "Krasnodar"]
[Date "2001.??.??"]
[Round "?"]
[White "Nadyrhanov, Sergey"]
[Black "Dashko, Andrey"]
[Result "1/2-1/2"]
[WhiteElo "2525"]
[BlackElo "2437"]
[PlyCount "112"]
[EventDate "2001.??.??"]
[EventType "tourn"]
[EventRounds "11"]
[EventCountry "RUS"]
[EventCategory "9"]
[SourceTitle "EXT 2003"]
[Source "ChessBase"]
[SourceDate "2002.11.25"]
[SourceVersion "1"]
[SourceVersionDate "2002.11.25"]
[SourceQuality "1"]

1. e4 c5 2. Nf3 g6 3. d4 cxd4 4. Qxd4 Nf6 5. Nc3 Nc6 6. Qa4 h5 7. Be2 Bg7 8. 0-0 0-0 9. Nd5 d6 10. c3 Be6 11. Rd1 a6 12. Bg5 Nd7 13. Be3 b5 14. Qc2 Nce5 15. Ng5 Bxd5 16. exd5 Nf6 17. a4 Qd7 18. Nf3 Nfg4 19. Bd4 Nxf3+ 20. Bxf3 Bxd4 21. Rxd4 Ne5 22. Be2 Rac8 23. axb5 axb5 24. Qb3 Rc5 25. Rb4 Nc4 26. Rd1 Rfc8 27. Rd4 Ra8 28. Qd1 Ra2 29. Bxc4 bxc4 30. h3 Qf5 31. Qe2 Qe5 32. Qxe5 dxe5 33. Rd1 Ra6 34. Re1 f6 35. f4 Rxd5 36. fxe5 f5 37. Rxc4 Rd2 38. Rb4 Ra2 39. Rc1 Ra5 40. Re1 Ra2 41. c4 Rdxb2 42. Rxb2 Rxb2 43. Rc1 Kf7 44. c5 Ke6 45. c6 Rb8 46. Rc5 f4 47. Kf2 Kf5 48. c7 Rc8 49. h4 Ke6 50. Kf3 Kf5 51. Rc6 Kxe5 52. Rxg6 Rxc7 53. Rg5+ Kd4 54. Kxf4 Rc2 55. Kg3 Rc5 56. Rxc5 Kxc5 1/2-1/2

[Event "Krasnodar"]
[Site "Krasnodar"]
[Date "2001.??.??"]
[Round "?"]
[White "Nadyrhanov, Sergey"]
[Black "Stambulian, Arsen"]
[Result "1/2-1/2"]
[WhiteElo "2525"]
[BlackElo "2371"]
[PlyCount "61"]
[EventDate "2001.??.??"]
[EventType "tourn"]
[EventRounds "11"]
[EventCountry "RUS"]
[EventCategory "9"]
[SourceTitle "EXT 2003"]
[Source "ChessBase"]
[SourceDate "2002.11.25"]
[SourceVersion "1"]
[SourceVersionDate "2002.11.25"]
[SourceQuality "1"]

1. e4 e5 2. f4 exf4 3. Nf3 d6 4. d4 g5 5. h4 g4 6. Ng1 Be7 7. Bxf4 Bxh4+ 8. g3 Bf6 9. Nc3 Ne7 10. Qd2 Nbc6 11. Nge2 b6 12. 0-0-0 Bb7 13. Rh5 Qd7 14. Be3 0-0-0 15. Nf4 Kb8 16. Be2 Rdg8 17. Qe1 Bg5 18. Qf2 h6 19. Nfd5 Nxd5 20. Nxd5 Qe6 21. Nc3 Ne7 22. Rdh1 Bxe3+ 23. Qxe3 Rg6 24. Qf4 Bc8 25. Rf1 Rf8 26. Bd3 Ng8 27. e5 dxe5 28. dxe5 Rg7 29. Bc4 Qg6 30. Rh2 Qg5 31. Qxg5 1/2-1/2

[Event "Chigorin Memorial 08th"]
[Site "St Petersburg"]
[Date "2000.11.02"]
[Round "3"]
[White "Deviatkin, Andrei"]
[Black "Nadyrhanov, Sergey"]
[Result "1/2-1/2"]
[WhiteElo "2394"]
[BlackElo "2532"]
[PlyCount "52"]
[EventDate "2000.10.31"]
[EventType "swiss"]
[EventRounds "9"]
[EventCountry "RUS"]
[SourceTitle "EXT 2001"]
[Source "ChessBase"]
[SourceDate "2000.11.22"]
[SourceVersion "1"]
[SourceVersionDate "2000.11.22"]
[SourceQuality "1"]

1. e4 c5 2. c3 Nf6 3. e5 Nd5 4. d4 cxd4 5. Qxd4 e6 6. Nf3 Nc6 7. Qe4 Qc7 8. Bd3 f5 9. Qe2 b6 10. 0-0 Bb7 11. a3 Nde7 12. Nbd2 Ng6 13. Nc4 Be7 14. Nd6+ Bxd6 15. exd6 Qxd6 16. Bxf5 Nce7 17. Be4 Qc7 18. Bg5 0-0 19. Rad1 Nf4 20. Qe3 Neg6 21. Rd4 e5 22. Bxf4 Nxf4 23. Nxe5 Rae8 24. Bxb7 Rxe5 25. Rxf4 Rxe3 26. fxe3 Rxf4 1/2-1/2

[Event "Chigorin Memorial 08th"]
[Site "St Petersburg"]
[Date "2000.10.31"]
[Round "1"]
[White "Gubernatorov, Sergey"]
[Black "Nadyrhanov, Sergey"]
[Result "0-1"]
[WhiteElo "2298"]
[BlackElo "2532"]
[PlyCount "86"]
[EventDate "2000.10.31"]
[EventType "swiss"]
[EventRounds "9"]
[EventCountry "RUS"]
[SourceTitle "EXT 2001"]
[Source "ChessBase"]
[SourceDate "2000.11.22"]
[SourceVersion "1"]
[SourceVersionDate "2000.11.22"]
[SourceQuality "1"]

1. Nf3 Nf6 2. g3 g6 3. b3 Bg7 4. Bb2 d6 5. d4 c5 6. dxc5 Qa5+ 7. Nfd2 Qxc5 8. Bg2 0-0 9. 0-0 Qh5 10. Nc3 Nc6 11. e4 Bg4 12. f3 Be6 13. Rb1 Ng4 14. fxg4 Qc5+ 15. Kh1 Bxc3 16. Bxc3 Qxc3 17. Rf3 Qa5 18. Bh3 Qxa2 19. c4 Ne5 20. Rc3 Rac8 21. Ra1 Qb2 22. Qc1 Qxc1+ 23. Rcxc1 a6 24. Nf1 Rc6 25. Ne3 Rb6 26. Rc3 f6 27. Bf1 Kf7 28. Be2 Rc8 29. Kg2 Rcc6 30. Nc2 Rc5 31. Nd4 a5 32. Rcc1 Bd7 33. Rcb1 Bc6 34. Nxc6 Nxc6 35. Kf2 Nb4 36. Ra4 Re5 37. Bf3 Rc6 38. Rd1 Rb6 39. Rd2 Na6 40. Ra3 Nc5 41. Rd5 Nxb3 42. Rb5 Rbxb5 43. cxb5 Nd4 0-1

[Event "Krasnodar"]
[Site "Krasnodar"]
[Date "2000.??.??"]
[Round "9"]
[White "Beshukov, Sergei"]
[Black "Nadyrhanov, Sergey"]
[Result "1/2-1/2"]
[WhiteElo "2460"]
[BlackElo "2546"]
[PlyCount "114"]
[EventDate "2000.??.??"]
[EventType "tourn"]
[EventRounds "11"]
[EventCountry "RUS"]
[EventCategory "11"]
[SourceTitle "EXT 2001"]
[Source "ChessBase"]
[SourceDate "2000.11.22"]
[SourceVersion "1"]
[SourceVersionDate "2000.11.22"]
[SourceQuality "1"]

1. e4 c5 2. Nf3 d6 3. d4 cxd4 4. Nxd4 Nf6 5. Nc3 g6 6. Be3 Bg7 7. f3 Nc6 8. Qd2 0-0 9. Bc4 Bd7 10. 0-0-0 Qa5 11. Bb3 Rfc8 12. g4 Ne5 13. Kb1 b5 14. g5 Ne8 15. Ncxb5 Qxd2 16. Rxd2 Nxf3 17. Nxf3 Bxb5 18. Bd5 Bc6 19. Nd4 Bxd4 20. Bxd4 e5 21. Bf2 Bxd5 22. exd5 h6 23. h4 f5 24. gxf6 Nxf6 25. Rd3 Ng4 26. Be1 Rab8 27. Rg1 h5 28. Ra3 Rc5 29. Rxa7 Rxd5 30. Bc3 Rc5 31. Bd2 Rbc8 32. c3 Rf8 33. b4 Rd5 34. Bg5 e4 35. Re7 Ne5 36. Be3 Rf7 37. Re8+ Rf8 38. Re7 Rf7 39. Re8+ Rf8 40. Rxf8+ Kxf8 41. Bh6+ Ke7 42. Re1 Rd3 43. Kc2 d5 44. Re3 Kd7 45. Rxd3 exd3+ 46. Kd2 Nf3+ 47. Kxd3 Nxh4 48. a4 Nf5 49. Bf4 h4 50. b5 h3 51. Be5 g5 52. Ke2 d4 53. cxd4 Nxd4+ 54. Kf2 Nb3 55. Kg3 Ke6 56. Bb8 Kd5 57. Kxh3 Kc5 1/2-1/2

[Event "Krasnodar"]
[Site "Krasnodar"]
[Date "2000.??.??"]
[Round "3"]
[White "Nadyrhanov, Sergey"]
[Black "Maiorov, Oleg Ivanovich"]
[Result "1/2-1/2"]
[WhiteElo "2546"]
[BlackElo "2436"]
[PlyCount "51"]
[EventDate "2000.??.??"]
[EventType "tourn"]
[EventRounds "11"]
[EventCountry "RUS"]
[EventCategory "11"]
[SourceTitle "EXT 2001"]
[Source "ChessBase"]
[SourceDate "2000.11.22"]
[SourceVersion "1"]
[SourceVersionDate "2000.11.22"]
[SourceQuality "1"]

1. e4 e6 2. d4 d5 3. Nd2 Nf6 4. e5 Nfd7 5. Bd3 c5 6. c3 Nc6 7. Ne2 cxd4 8. cxd4 Qb6 9. Nf3 f6 10. exf6 Nxf6 11. 0-0 Bd6 12. Re1 0-0 13. Bf4 Bxf4 14. Nxf4 Qxb2 15. Re3 Qb6 16. Nxe6 Bxe6 17. Rxe6 Rae8 18. Rxe8 Rxe8 19. Rb1 Qc7 20. Qb3 Na5 21. Qa3 Rc8 22. Ne5 a6 23. h3 Nc4 24. Bxc4 dxc4 25. Rc1 Qd8 26. Rxc4 1/2-1/2

[Event "Krasnodar Kuban"]
[Site "Krasnodar"]
[Date "1999.11.20"]
[Round "8"]
[White "Maiorov, Oleg Ivanovich"]
[Black "Nadyrhanov, Sergey"]
[Result "1-0"]
[WhiteElo "2458"]
[BlackElo "2515"]
[PlyCount "89"]
[EventDate "1999.11.13"]
[EventType "tourn"]
[EventRounds "11"]
[EventCountry "RUS"]
[EventCategory "11"]
[SourceTitle "EXT 2002"]
[Source "ChessBase"]
[SourceDate "2001.11.25"]
[SourceVersion "1"]
[SourceVersionDate "2001.11.25"]
[SourceQuality "1"]

1. e4 c5 2. d3 e6 3. Nf3 d5 4. Qe2 Nf6 5. g3 Be7 6. Bg2 0-0 7. e5 Ne8 8. 0-0 Nc6 9. c4 Nc7 10. Rd1 b5 11. Nc3 Ba6 12. b3 Qc8 13. a4 bxc4 14. bxc4 Na5 15. Nd2 Rd8 16. Ba3 Bb7 17. Rab1 Bc6 18. cxd5 exd5 19. d4 Ne6 20. dxc5 a6 21. Rdc1 d4 22. Nce4 d3 23. Qe3 Nd4 24. Qxd3 Ndb3 25. Nd6 Bxd6 26. cxd6 Nxc1 27. Rxc1 Qb7 28. Ne4 Rac8 29. Nc5 Qa8 30. Bh3 Nb7 31. Nxa6 Bd7 32. Nc7 Qxa4 33. Bg2 Na5 34. Bb2 Bc6 35. Ra1 Qb4 36. Bc3 Qb7 37. Bh3 Nb3 38. Bxc8 Rxc8 39. Rb1 Bh1 40. f3 Bxf3 41. Rxb3 Qxb3 42. Qxf3 Rb8 43. Kg2 Qc2+ 44. Kh3 Rb3 45. d7 1-0

[Event "Krasnodar Kuban"]
[Site "Krasnodar"]
[Date "1999.11.17"]
[Round "5"]
[White "Fomichenko, Eduard"]
[Black "Nadyrhanov, Sergey"]
[Result "1/2-1/2"]
[WhiteElo "2409"]
[BlackElo "2515"]
[PlyCount "94"]
[EventDate "1999.11.13"]
[EventType "tourn"]
[EventRounds "11"]
[EventCountry "RUS"]
[EventCategory "11"]
[SourceTitle "EXT 2002"]
[Source "ChessBase"]
[SourceDate "2001.11.25"]
[SourceVersion "1"]
[SourceVersionDate "2001.11.25"]
[SourceQuality "1"]

1. d4 Nf6 2. Nf3 g6 3. c4 Bg7 4. Nc3 d6 5. e4 0-0 6. Be2 Nbd7 7. 0-0 e5 8. Rb1 h6 9. b3 Nh7 10. Be3 Ng5 11. dxe5 Nxf3+ 12. Bxf3 dxe5 13. Qd2 h5 14. Rfd1 c6 15. Na4 Qe7 16. Qa5 Kh7 17. Rb2 Bh6 18. Bxh6 Kxh6 19. Rbd2 b6 20. Rxd7 Bxd7 21. Qd2+ Kg7 22. Qxd7 Qxd7 23. Rxd7 Rfd8 24. Rxd8 Rxd8 25. Kf1 Rd2 26. Nc3 Rc2 27. Nd1 Rxa2 28. Ne3 a5 29. Ke1 b5 30. cxb5 cxb5 31. Bd1 a4 32. bxa4 bxa4 33. Nc2 a3 34. Kd2 Rb2 35. Kc1 h4 36. h3 Kf6 37. Nxa3 Rxf2 38. Bf3 Kg5 39. Nc4 Kf4 40. Kd1 f5 41. Ke1 Rc2 42. Nb6 Ke3 43. Nd5+ Kd4 44. Ne7 fxe4 45. Be2 Ke3 46. Nd5+ Kd4 47. Ne7 Ke3 1/2-1/2

[Event "Krasnodar Kuban"]
[Site "Krasnodar"]
[Date "1999.11.15"]
[Round "3"]
[White "Zhenetl, Roman"]
[Black "Nadyrhanov, Sergey"]
[Result "1/2-1/2"]
[WhiteElo "2371"]
[BlackElo "2515"]
[PlyCount "131"]
[EventDate "1999.11.13"]
[EventType "tourn"]
[EventRounds "11"]
[EventCountry "RUS"]
[EventCategory "11"]
[SourceTitle "EXT 2002"]
[Source "ChessBase"]
[SourceDate "2001.11.25"]
[SourceVersion "1"]
[SourceVersionDate "2001.11.25"]
[SourceQuality "1"]

1. e4 c5 2. Nf3 e6 3. Nc3 Nc6 4. Bb5 Nge7 5. 0-0 a6 6. Bxc6 Nxc6 7. Re1 e5 8. Nd5 d6 9. c3 Bg4 10. h3 Bh5 11. g4 Bg6 12. d4 Be7 13. dxc5 dxc5 14. Qb3 Rb8 15. Nxe7 Qxe7 16. Bg5 f6 17. Be3 b6 18. Nh4 Na5 19. Qc2 0-0 20. b3 Bf7 21. f4 Nc6 22. Qg2 exf4 23. Bxf4 Ne5 24. Qg3 Rbd8 25. Rad1 Rxd1 26. Rxd1 Rd8 27. Rxd8+ Qxd8 28. Bxe5 fxe5 29. Qxe5 Qd1+ 30. Kh2 Qe2+ 31. Ng2 Bg6 32. Qe6+ Kf8 33. Qxb6 Bxe4 34. Qxc5+ Ke8 35. Qc8+ Ke7 36. Qc7+ Ke8 37. Qg3 Kd7 38. g5 Bxg2 39. Qxg2 Qe5+ 40. Qg3 Qe2+ 41. Kg1 Qd1+ 42. Kf2 Qd2+ 43. Kf3 Qxc3+ 44. Kg4 Qc2 45. Qe5 Qg2+ 46. Kf4 Qh2+ 47. Ke4 Qg2+ 48. Kd4 Qd2+ 49. Kc4 Qc1+ 50. Kb4 Qd2+ 51. Ka3 g6 52. h4 a5 53. Qb5+ Kc7 54. Qc4+ Kb6 55. b4 Qd6 56. Qe4 Ka7 57. Ka4 axb4 58. Qxb4 Qd1+ 59. Ka3 Qc1+ 60. Ka4 Qd1+ 61. Kb5 Qd7+ 62. Kc5 Qe7+ 63. Kc4 Qe4+ 64. Kb3 Qb1+ 65. Ka3 Qc1+ 66. Ka4 1/2-1/2

[Event "Krasnodar Kuban"]
[Site "Krasnodar"]
[Date "1999.11.14"]
[Round "2"]
[White "Nadyrhanov, Sergey"]
[Black "Brodsky, Michail"]
[Result "1/2-1/2"]
[WhiteElo "2515"]
[BlackElo "2512"]
[PlyCount "43"]
[EventDate "1999.11.13"]
[EventType "tourn"]
[EventRounds "11"]
[EventCountry "RUS"]
[EventCategory "11"]
[SourceTitle "EXT 2002"]
[Source "ChessBase"]
[SourceDate "2001.11.25"]
[SourceVersion "1"]
[SourceVersionDate "2001.11.25"]
[SourceQuality "1"]

1. e4 c5 2. c3 Nf6 3. e5 Nd5 4. Nf3 Nc6 5. d4 cxd4 6. Bc4 Nb6 7. Bb3 d5 8. exd6 Qxd6 9. 0-0 Be6 10. Na3 dxc3 11. Qe2 Bxb3 12. Nb5 Qb8 13. axb3 e5 14. Nbd4 f6 15. bxc3 Be7 16. Nf5 0-0 17. N3h4 Rf7 18. Qg4 Kh8 19. Be3 Bf8 20. Rfd1 Qe8 21. b4 Nc8 22. b5 1/2-1/2

[Event "Sarkisov Memorial"]
[Site "Krasnodar"]
[Date "1999.??.??"]
[Round "9.3"]
[White "Nadyrhanov, Sergey"]
[Black "Fomichenko, Eduard"]
[Result "1-0"]
[WhiteElo "2467"]
[BlackElo "2397"]
[PlyCount "63"]
[EventDate "1999.??.??"]
[EventType "tourn"]
[EventRounds "14"]
[EventCountry "RUS"]
[EventCategory "9"]
[SourceTitle "CBM 075"]
[Source "ChessBase"]
[SourceDate "2000.04.05"]
[SourceVersion "1"]
[SourceVersionDate "2000.04.05"]
[SourceQuality "1"]

1. e4 e6 2. d4 d5 3. Nd2 Nf6 4. e5 Nfd7 5. Bd3 c5 6. c3 Nc6 7. Ne2 cxd4 8. cxd4 f6 9. exf6 Nxf6 10. Nf3 Bd6 11. 0-0 Qc7 12. Bg5 0-0 13. Bh4 Nh5 14. Qc2 g6 15. Bxg6 Rxf3 16. Bxh5 Rf5 17. Bg4 Rf8 18. Bg3 Bxg3 19. fxg3 Rxf1+ 20. Rxf1 Qg7 21. Bh5 Nxd4 22. Nxd4 Qxd4+ 23. Kh1 Qe5 24. Bf7+ Kh8 25. Be8 Kg8 26. Qc5 Qg7 27. Bf7+ Qxf7 28. Rxf7 Kxf7 29. Qc7+ Kf6 30. Qxh7 e5 31. Qg8 d4 32. g4 1-0